Central Library OPAC University of Rajshahi

The Domesday geography of eastern England / (Record no. 22472)

MARC details
000 -LEADER
fixed length control field 00830nam a2200253 a 4500
001 - CONTROL NUMBER
control field 22472
003 - CONTROL NUMBER IDENTIFIER
rucl marc code BD-RjUL
005 - DATE AND TIME OF LATEST TRANSACTION
control field 20211209000818.0
008 - FIXED-LENGTH DATA ELEMENTS--GENERAL INFORMATION
fixed length control field 140308s1952 enkbh b 001 0 eng d
035 ## - SYSTEM CONTROL NUMBER
System control number (BD-RjUL)22537
040 ## - CATALOGING SOURCE
Original cataloging agency DLC
Transcribing agency IAR
Modifying agency IAR
-- OCL
-- UKM
-- BD-RjUL
Language of cataloging eng
041 ## - LANGUAGE CODE
Language code of text/sound track or separate title eng
082 ## - DEWEY DECIMAL CLASSIFICATION NUMBER
Classification number 914.25
Author mark and year DAD 1952
100 1# - MAIN ENTRY--PERSONAL NAME
Personal name Darby, H. C.
Fuller form of name (Henry Clifford),
Dates associated with a name 1909-1992
9 (RLIN) 69398
245 14 - TITLE STATEMENT
Title The Domesday geography of eastern England /
Statement of responsibility, etc. by H.C. Darby.
260 ## - PUBLICATION, DISTRIBUTION, ETC. (IMPRINT)
Place of publication, distribution, etc. Cambridge :
Name of publisher, distributor, etc. University press,
Date of publication, distribution, etc. 1952.
300 ## - PHYSICAL DESCRIPTION
Pagination xiv, 400 p. :
Illustrations maps (part col.) col. facsim. ;
Size 24 cm.
504 ## - BIBLIOGRAPHY, ETC. NOTE
Bibliography, etc Includes bibliographical references and index.
650 ## - SUBJECT ADDED ENTRY--TOPICAL TERM
Topical term or geographic name as entry element England Historical geography
9 (RLIN) 69399
651 #0 - SUBJECT ADDED ENTRY--GEOGRAPHIC NAME
Geographic name England
General subdivision Historical geography.
9 (RLIN) 68080
942 ## - ADDED ENTRY ELEMENTS (KOHA)
Source of classification or shelving scheme Dewey Decimal Classification
Koha item type Books
Holdings
Lost status Source of classification or shelving scheme Damaged status Not for loan Collection code Permanent Location Current Location Shelving location Date acquired Source of acquisition Cost, normal purchase price Total Checkouts Full call number Date last seen Copy number Koha item type
  Dewey Decimal Classification   Added to bundle Non-fiction Central Library, University of Rajshahi Central Library, University of Rajshahi Reading Room 05/03/1956 B.H.Blackwell 2.00   914.25 DAD 1952 08/03/2014 C-1 Books